000 00483nam a2200193Ia 4500
003 GCL
008 140319s9999 xx 000 0 aRus d
040 _aGCL /
_cGCL
082 0 4 _a863
_bA N
100 1 _aAYALA, FRANCISCO
245 1 0 _aNARRATIVA COMPLETA /
_cAYALA, FRANCISCO
260 _a[S.N] :
_bALIANZA EDITORIAL ،
_c1993
300 _a127
650 0 4 _aLITERATURE
650 0 4 _aFICTION
650 0 4 _aSPANISH LITERATURE
650 0 4 _aSPANISH FICTION
942 _2ddc
_cBK
999 _c12922
_d12922